Administración de recursos humanos (Registro nro. 5)

Detalles MARC
000 -LEADER
fixed length control field 01527 a2200265 4500
001 - CONTROL NUMBER
control field 5
005 - DATE AND TIME OF LATEST TRANSACTION
control field 20260407155401.0
008 - FIXED-LENGTH DATA ELEMENTS--GENERAL INFORMATION
fixed length control field 260407a2007 arg spa d
003 - CONTROL NUMBER IDENTIFIER
control field AR-UNSa-BCEJYS
040 ## - CATALOGING SOURCE
Original cataloging agency AR-UNSa-BCEJYS
Language of cataloging spa
Transcribing agency AR-UNSa-BCEJYS
080 ## - UNIVERSAL DECIMAL CLASSIFICATION NUMBER
Universal Decimal Classification number 658.3
Common auxiliary subdivision Personal. Relaciones humanas en la empresa (Recursos Humanos)
020 ## - INTERNATIONAL STANDARD BOOK NUMBER
International Standard Book Number 970-10-6104-6
041 ## - LANGUAGE CODE
Language code of text/sound track or separate title spa
100 1# - MAIN ENTRY--PERSONAL NAME
Personal name Chiavenato, Idalberto
245 10 - TITLE STATEMENT
Title Administración de recursos humanos
Name of part/section of a work el capital humano de las organizaciones
250 ## - EDITION STATEMENT
Edition statement 8a. ed.
264 #1 - PRODUCTION, PUBLICATION, DISTRIBUTION, MANUFACTURE, AND COPYRIGHT NOTICE
Place of production, publication, distribution, manufacture México :
Name of producer, publisher, distributor, manufacturer McGraw-Hill
Date of production, publication, distribution, manufacture, or copyright notice 2007
300 ## - PHYSICAL DESCRIPTION
Extent xiv, 500 p.
Dimensions 29 cm
505 ## - FORMATTED CONTENTS NOTE
Formatted contents note 1. Las organizaciones - 2. Las personas - 3. Las personas y las organizaciones - 4. La administración de recursos humanos - 5. Reclutamiento de personas - 6. Selección de personal - 7. Diseño de puestos - 8. Descripción y análisis de puestos - 9. Evaluación de desempeño - 10. Remuneración (administración de sueldos y salarios) - 11. Planes de prestaciones sociales - 12. Calidad de vida en el trabajo - 13. Relaciones con las personas - 14. Capacitación y desarrollo del personal - 15. Desarollo organizacional - 16. Sistema de información de recursos humanos - 17. Ética y responsabilidad social <br/>
590 ## - LOCAL NOTE (RLIN)
Local note niveau_biblio:m niveau_hierar:0
700 1# - ADDED ENTRY--PERSONAL NAME
Personal name Mascaró Sacristán, Pilar
700 1# - ADDED ENTRY--PERSONAL NAME
Personal name Hano Roa, María del Carmen Enriqueta
856 41 - ELECTRONIC LOCATION AND ACCESS
Uniform Resource Identifier <a href="https://biblioeco.unsa.edu.ar/pmb/images/libros/Administracion de Recursos Humanos 8ed.jpg">https://biblioeco.unsa.edu.ar/pmb/images/libros/Administracion de Recursos Humanos 8ed.jpg</a>
Link text Imagen de portada
Electronic format type image/jpeg
942 ## - ADDED ENTRY ELEMENTS (KOHA)
Koha item type
Existencias
Withdrawn status Lost status Damaged status Not for loan Home library Current library Shelving location Date acquired Total checkouts Full call number Barcode Date last seen Price effective from Koha item type Public note
        Biblioteca Prof. Eusebio Cleto del Rey Biblioteca Prof. Eusebio Cleto del Rey   07/04/2026   658.3 C532 8ed. L116681 07/04/2026 07/04/2026 Libro HOJA DE ÍNDICE MANCHADA - HÚMEDO
        Biblioteca Prof. Eusebio Cleto del Rey Biblioteca Prof. Eusebio Cleto del Rey   07/04/2026   658.3 C532 8ed. L116682 07/04/2026 07/04/2026 Libro SUBRAYADO LEVE C/ LÁPIZ - PORTADA UN POCO DAÑADA - MANCHITAS LEVES PÁG. 394 A 396 - ÚLTIMAS HOJAS MUY MANCHADAS - HÚMEDO - CANTO MANCHADO
        Biblioteca Prof. Eusebio Cleto del Rey Biblioteca Prof. Eusebio Cleto del Rey   07/04/2026   658.3 C532 8ed. L116683 07/04/2026 07/04/2026 Libro SUBRAYADO LEVE C/ LÁPIZ - 1RA HOJA HASTA PÁG. 50 MANCHADA - HÚMEDO
        Biblioteca Prof. Eusebio Cleto del Rey Biblioteca Prof. Eusebio Cleto del Rey   07/04/2026   658.3 C532 8ed. L116684 07/04/2026 07/04/2026 Libro 1RAS Y ÚLTIMAS HOJAS MANCHADAS - ESCRITO Y SUBRAYADO LEVE C/ LÁPIZ - ÚLTIMA HOJA DAÑADA
        Biblioteca Prof. Eusebio Cleto del Rey Biblioteca Prof. Eusebio Cleto del Rey   07/04/2026   658.3 C532 8ed. L116685 07/04/2026 07/04/2026 Libro MANCHITAS PÁG. 144 Y 145 - ÍNDICE MANCHADO LEVE - 1RA Y ÚLTIMA HOJA MANCHADA - PÁG. 493 C/ CINTA
        Biblioteca Prof. Eusebio Cleto del Rey Biblioteca Prof. Eusebio Cleto del Rey   07/04/2026   658.3 C532 8ed. L126479 07/04/2026 07/04/2026 Libro HOJAS MANCHADAS